000 00233nam a2200097Ia 4500
008 190216s9999||||xx |||||||||||||| ||und||
100 _aNull
245 0 _aHindi-Bharath Aur Bis Raja Neethi
260 _bChintha Publishers
942 _cBK
999 _c17187
_d17187